Discursos del presidente del Tribunal Constitucional / (Registro nro. 13899)

Detalles MARC
000 -LIDER
fixed length control field 01331nam a2200313 u 4500
001 - NÚMERO DE CONTROL
Identificador de número de control
003 - IDENTIFICACDOR DE NÚMERO DE CONTROL
control field DO-SdBNP
005 - DATE AND TIME OF LATEST TRANSACTION
control field 20260417110237.0
008 - ELEMENTOS DE LONGITUD FIJA
fixed length control field 100802s2015 dr r 000 0 spa d
020 ## - ISBN
International Standard Book Number 9789945897098
040 ## - FUENTE DE CATALOGACIÓN
Agencia que crea de manera original el registro DO-SdBNP
Idioma de catalogación spa
Agencia que realiza la transcripción BPMSU
082 ## - NÚMERO DE CLASIFICACIÓN DECIMAL DE DEWEY
Classification number 342.729306
Item number R264d 2015
Edition number 22
100 1# - ASIENTO PRINCIPAL -- NOMBRE PERSONAL
Nombre personal Ray Guevara, Milton
245 10 - MENCIÓN DE TITULO
Título Discursos del presidente del Tribunal Constitucional /
Mención de responsabilidad Milton Ray Guevara; editor Adriano Miguel Tejada.
260 ## - PUBLICACIÓN, DISTRIBUCIÓN, ETC. (PIE DE IMPRENTA)
Lugar de publicación, distribución, etc Santo Domingo :
Nombre del editor, distribuidor, etc. Tribunal Constitucional de la República Dominicana,
Fecha de publicación, distribución, etc 2015.
300 ## - DESCRIPCIÓN FÍSICA
Extensión v. ;
Dimensiones 29 cm.
500 ## - NOTA GENERAL
Nota general Incluye datos biográficos del autor en la solapa de la cubierta
504 ## - NOTA DE BIBLIOGRAFÍA, ETC.
Bibliography, etc Incluye referencias bibliográficas y notas al pie de las páginas
505 0# - NOTA DE CONTENIDO
Texto normalizado de contenido v. 1 : ¡Vivir en constitución!. ; v.2 : Generación constitucional .
590 ## - NOTA LOCAL
Texto de la nota local Inventariado, 2021/VM
650 #4 - ENCABEZAMIENTO DE MATERIA--TEMÁTICO
Término temático o nombre geográfico como elemento de entrada Tribunales constitucionales
Subdivisión geográfica República Dominicana
Subdivisión de forma Informes |
650 #4 - ENCABEZAMIENTO DE MATERIA--TEMÁTICO
Término temático o nombre geográfico como elemento de entrada Tribunales constitucionales
Subdivisión geográfica República Dominicana
Subdivisión de forma Ensayos, conferencias, etc
651 #4 - ENCABEZAMIENTO DE MATERIA--NOMBRE GEOGRÁFICO
Nombre geográfico Repáublica Dominicana
Subdivisión temática general Derecho constitucional
Subdivisión de forma Informe
651 #4 - ENCABEZAMIENTO DE MATERIA--NOMBRE GEOGRÁFICO
Nombre geográfico República Dominicana
Subdivisión temática general Constitución (2010)
Subdivisión de forma
700 1# - ASIENTO SECUNDARIO -- NOMBRE PERSONAL
Nombre personal Miguel Tejada, Adriano,
Mención de responsabilidad ed.
710 2# - ASIENTO SECUNDARIO -- NOMBRE CORPORATIVO
Nombre corporativo o de jurisdicción Tribunal Constitucional de la República Dominicana
910 ## - VALIDACIÓN
Validación VMateo V.
942 ## - ADDED ENTRY ELEMENTS (KOHA)
Source of classification or shelving scheme Dewey Decimal Classification
Koha item type Libros
Existencias
Withdrawn status Lost status Source of classification or shelving scheme Damaged status Not for loan Collection code Home library Current library Date acquired Source of acquisition Total Checkouts Full call number Barcode Date last seen Copy number Price effective from Koha item type
    Dewey Decimal Classification     Colección Dominicana Biblioteca Pública Metropolitana Salomé Ureña Biblioteca Pública Metropolitana Salomé Ureña 11/24/2021 Tribunal Constitución   BPMSU CD 342.729306 R264d 2015 BPMSU21110122 11/24/2021 v.1 11/24/2021 Libros
    Dewey Decimal Classification     Colección Dominicana Biblioteca Pública Metropolitana Salomé Ureña Biblioteca Pública Metropolitana Salomé Ureña 11/24/2021 Tribunal Constitución   BPMSU CD 342.729306 R264d 2015 BPMSU21110123 11/24/2021 v.1, e.2 11/24/2021 Libros
    Dewey Decimal Classification     Colección Dominicana Biblioteca Pública Metropolitana Salomé Ureña Biblioteca Pública Metropolitana Salomé Ureña 11/24/2021 Tribunal Constitución   BPMSU CD 342.729306 R264d 2015 BPMSU24090003 09/03/2024 v.1, e.3 11/24/2021 Libros
    Dewey Decimal Classification     Colección Dominicana Biblioteca Pública Metropolitana Salomé Ureña Biblioteca Pública Metropolitana Salomé Ureña 11/24/2021 Tribunal Constitución   BPMSU CD 342.729306 R264d 2018 BPMSU26010016 01/16/2026 v.2 11/24/2021 Libros